1403 1801 1951 1184 1917 1403 1974 1983 1788 1378 1936 1632 1630 1198 1509 1597 1632 1913 1322 1706 1421 1093 1071 1939 1039 1475 1267 1145 1696 1479 1711 1116 1472 1926 1126 1034 1740 1943 1203 1670 1198 1217 1253 1364 1707 1154 1918 1761 1299 1185 1316 1974 1348 1868 1798 1794 1684 1462 1374 1886 1669 1498 1310 1978 1945 1034 1383 1317 1926 1282 1723 1720 1087 1343 1009 1542 1268 1265 1298 1188 1405 1503 1231 1518 1004 1881 1877 1134 1784 1425 1706 1471 1005 1553 1978 1546 1964 1170 1869 BCNSPRNW ULIB Ver.6.0+V

เปลี่ยนเป็นภาษาไทย

Change to English
 แสดงรายละเอียดบรรณานุกรม
  กลับหน้าหลัก

Brief Record : Get Marc (ISO 2709) : E-mail record : QR code < ปิดหน้าต่าง
LEADER : 00000nam 2200000uu 4500
001    13399121505
003     ULIB
008    121121s2549||||th 000 0 tha d
020    ^a974946401X
050 04 ^aรส. ^bศ485ข
100 0   ^aศิริวร แก้วกาญจน์.
245 1   ^aข่าวการหายไปของอาริญาและเรื่องราวอื่น ๆ / ^cศิริวร แก้วกาญจน์
250    ^aพิมพ์ครั้งแรก
260    ^aกรุงเทพฯ : ^bผจญภัย, ^c2549.
300    ^a199 หน้า.
650  7 ^aเรื่องสั้น ^xรวมเรื่อง.
945    ^p155^l0^i15368
995    ^a วิภา
999    ^aวิภา
รายการนี้ยังไม่มีแท็ก
คุณยังไม่ได้ล็อกอิน คุณสามารถมีกิจกรรมร่วมกับเว็บไซต์ได้ แต่ต้องล็อกอินก่อน ::
  ล็อกอิน

รายการสื่อสารสนเทศ

ลำดับที่ ประเภท เลขเรียก/บาร์โค้ด สถานที่ สถานะ
1. วิทยาศาสตร์การแพทย์ และสุขภาพ
วิทยาศาสตร์การแพทย์ และสุขภาพ
รส. ศ485ข  
  Barcode: 15368
ห้องสมุดวิทยาเขตสวรรค์ประชารักษ์
►นวนิยาย
บนชั้น
  ขอยืม

BibComment


ยังไม่เคยถูกคอมเมนท์

คอมเมนท์ทรัพยากรรายการนี้
  คอมเมนท์: ข่าวการหายไปของ..


 Copyright 2026. Bcnsprnw @Library